| 000 | 00359 a2200169 4500 | ||
|---|---|---|---|
| 001 | 47060 | ||
| 020 | _a9788566428148 | ||
| 040 | _cAnchieta - Aquarius | ||
| 100 | _aGenechten, Guido Van | ||
| 240 | 1 | 0 |
_a*Jonnie _lpor |
| 245 | 1 | 0 | _a*Jonnie |
| 300 | _a28 | ||
| 362 | 0 | _a2014 | |
| 440 | 1 | _aSaber e Ler | |
| 650 | 4 | _aLiteratura infanto-juvenil | |
| 942 | _cBK | ||
| 999 |
_c47060 _d47060 |
||